LEADER 01028nam a2200229 a 4500 001 000000123047 003 CaOOAMICUS 005 20100922175442.0 008 100922s2006 it d m 001 0 ita d 040 $aPUG$bita$dfs$dPUL$dLDA 041 0 $aita$agrc 100 1 $aLanzetta, Serafino,$csac.$0(OLS)http://pul/name/71726 245 13$aIl sacerdozio di Maria nella teologia cattolica del XX secolo :$banalisi storico-teologica /$cGiuseppe (p. Serafino) Lanzetta. 260 $aRomae :$b[s.n.],$c2006. 300 $a427 p.$btab.$c25 cm 502 $aDissertazione: Pontificia Universitas Sanctae Crucis. Facultas Theologiae, 2006. 504 $aBibliografia (pp. 393-414) e indici 850 $aPUL 852 $aPUL$W1$xDP1 Tesi Pon. Univ. S. Croce$y43$m2006 B 2$j127929$qTesi$B140429$CPULBib$Z2$F140429 $82 941 1 $a16 996 $6245$aIl sacerdozio di Maria nella teologia cattolica del XX secolo :$banalisi storico-teologica$9(OLS)http://pul/title/155084 996 $6260$aRomae :$b[s.n.]$9(OLS)http://pul/publisher/48223 LEADER 01382nam a2200289 a 4500 001 000000156341 003 CaOOAMICUS 005 20161116121138.0 008 161116s1978 it u000 u ita r 032 $aLibriCat 040 $aPUL$bita 100 1 $aFini, Mario.$0(OLS)http://pul/name/24031 245 11$a"Sacrificium Spiritale" in Tertulliano : $bricerca sul significato del culto cristiano / $cMario Fini . 260 $aBologna :$b[s.n.],$c1978. 300 $axviii, 71 p. ; $c24 cm. 502 $aEstratto di Tesi -- Pontificium Athenaeum S. Anselmi, Facultate Theologica, 1978. 504 $aBibliografia in nota a pič pagina. 600 14$aTertullianus, Quintus Septimius Florens,$dc. 160-c. 225.$0(OLS)http://pul/subject/1656 710 2 $aPontificio ateneo S. Anselmo.$bFacoltŕ di teologia.$kTesi.$0(OLS)http://pul/name/82348 850 $aPUL 852 $aPUL$W1$xDP1 Tesi Pon. At. S. Anselmo$y29$mTH ANS 201$j179564$qTesi$B182735$CPULBib$Z2$F182735 $H45927 $82 941 1 $a16 960 $aTertulliano,$dc. 160-c.225$91656 960 $aTertulliano, Quinto Settimio Fiorente,$dc. 160-c. 225$91656 996 $6245$a"Sacrificium Spiritale" in Tertulliano : $bricerca sul significato del culto cristiano / $9(OLS)http://pul/title/195957 996 $6260$aBologna :$b[s.n.]$9(OLS)http://pul/publisher/55909